Excel 2016: paso a paso (Registro nro. 12499)
[ vista simple ]
| 000 -Cabecera | |
|---|---|
| Campo de control de longitud fija | 00614ntm a22002657a 4500 |
| 005 - Fecha y hora de la última transacción | |
| Campo de control | 20250701125212.0 |
| 008 - Elementos de longitud fija--Información general | |
| Campo de control de longitud fija | 180314b2017 xxu||||| |||| 00| 0 spa d |
| 020 ## - International Standard Book Number | |
| Número Internacional Estándar del Libro (ISBN) | 9789587626964 |
| 041 ## - Idioma | |
| Código de idioma | Español |
| 082 ## - Clasificación Decimal Dewey | |
| Número de clasificación | 005.54 V156e |
| 100 ## - Entrada principal--Autor personal | |
| Nombre personal | Valentin, Handz |
| 245 ## - Título propiamente dicho | |
| Título | Excel 2016: paso a paso |
| 250 ## - Edición | |
| Mención de edición | 2 edición |
| 260 ## - Pie de imprenta | |
| Lugar de publicación, distribución, etc. | Colombia |
| 260 ## - Pie de imprenta | |
| Nombre del editor, distribuidor, etc. | Ediciones de la U |
| 260 ## - Pie de imprenta | |
| Fecha de publicación, distribución, etc. | 2017 |
| 300 ## - Descripción física | |
| Extensión | 256 páginas |
| 365 ## - TRADE PRICE | |
| Price amount | 12.000 |
| 490 ## - Serie | |
| Título de la Serie | Temática General |
| 650 ## - Materia general | |
| Temática (materia general) | EXCEL |
| 650 ## - Materia general | |
| Temática (materia general) | HOJA DE CÁLCULO |
| 650 ## - Materia general | |
| Temática (materia general) | WINDOWS 8 |
| 650 ## - Materia general | |
| Temática (materia general) | WINDOWS 10 |
| 942 ## - Punto de acceso adicional KOHA | |
| Tipo de ítem KOHA | Libro |
| Fuente del sistema de clasificación o colocación | Dewey Decimal Classification |
| Signatura completa | Código de barras | Programa Académico | Tipo de ítem |
|---|---|---|---|
| 005.54 V156e | 24751 | Libro | |
| 005.54 V156e | 25551 | Libro | |
| 005.54 V156e | 25552 | Libro |